DHARMASUTRA (Record no. 7930)

MARC details
000 -LEADER
fixed length control field 00284nam a2200121Ia 4500
082 ## - DEWEY DECIMAL CLASSIFICATION NUMBER
Classification number 615.53
Item number D 03 O
100 ## - MAIN ENTRY--PERSONAL NAME
Personal name OLIVELLE, PATRICK
245 ## - TITLE STATEMENT
Title DHARMASUTRA
260 ## - PUBLICATION, DISTRIBUTION, ETC. (IMPRINT)
Name of publisher, distributor, etc MOTILAL.PUB. DELHI
Year of Publication 2003
300 ## - PAGE DESCRIPTION
No. of Pages 767
942 ## - ADDED ENTRY ELEMENTS (KOHA)
Source of classification or shelving scheme Dewey Decimal Classification
Koha item type Books
Holdings
Withdrawn status Lost status Source of classification or shelving scheme Damaged status Not for loan Collection code Home library Current library Date acquired Vendor Name Cost, normal purchase price SGTU Bill Number Full call number Accession No. (Barcode) Date last seen Bill Date Koha item type
    Dewey Decimal Classification     AYURVEDA SGT FA-FP Library SGT FA-FP Library 14/09/2015 CHAUKHAMBHA PUB. NEW DELHI 60.00 SGTU CP/B/788 615.53 D 03 O FA2061 17/07/2025 28/01/2015 Rare Books